000 01361cab a2200433 4500
001 WB3033-28
008 090401t1994 xxu||||| |||| 00| 0 eng d
035 _a(Sirsi) u41670
041 _aeng
245 _aOccupier`s liability roundup
260 _c1994
350 _a0
490 _aEstates Gazette
_v(9435) 3 September 1994, 123(1)
520 _aConsiders cases on an occupier`s duty of care to visitors; injury on a public right of way through a housing estate, injury to a club member on the club drive and injury on a steep path, where there were no warnings of danger.
650 _aCLIFFS
650 _aCLUBS
650 _aCONSERVATIVE CLUB
650 _aCOTTON V DERBYSHIRE DALES DC
650 _aFENCING
650 _aGESNER V WALLINGFORD & DISTRICT LABOUR PARTY SUPPORTERS CLUB
650 _aHOUSING ESTATE
650 _aINCORPORATED
650 _aINJURIES
650 _aMCGEOWN V NORTHERN IRELAND HOUSING EXECUTIVE
650 _aMEMBERS
650 _aOCCUPIERS LIABILITY ACT 1957
650 _aOCCUPIERS
650 _aPOTHOLES
650 _aPRIVATE RIGHT OF WAY
650 _aPUBLIC RIGHT OF WAY
650 _aROBERTSON V RIDLEY
650 _aSIGNS
650 _aUNINCORPORATED
650 _aVISITORS
650 _aWARNING
690 _aPROPERTY LAW AND PRACTICE
942 _n0
948 _c04/03/1997
999 _c26746
_d26746